000 00198nam a2200073Ia 4500
008 170817s9999 xx 000 0 und d
100 _aSingh.P K
245 0 _aSamaajik vigyaan evam uska Shikshaan
260 _bAgarwal Prakashan Agara
999 _c39369
_d39369